Ô nhiễm môi trường và đọc tố trong nuôi trồng thủy sản Bài giảng: Dành cho sinh viên CĐ nuôi trồng thủy sản
.
Đã lưu trong:
| Tác giả chính: | |
|---|---|
| Định dạng: | Sách |
| Năm xuất bản: |
Đồng hới
Trường đại học Quảng Bình
2008
|
| Chủ đề: | |
| Tags: |
Thêm thẻ
Không có thẻ, Hãy là người đầu tiên gắn thẻ bản ghi này!
|
| LEADER | 00751nam a2200193 4500 | ||
|---|---|---|---|
| 999 | |c 14042 |d 14042 | ||
| 082 | |a 639.8071 |b TR120 C | ||
| 100 | |a Trần Công Trung | ||
| 245 | |a Ô nhiễm môi trường và đọc tố trong nuôi trồng thủy sản |b Bài giảng: Dành cho sinh viên CĐ nuôi trồng thủy sản |c Trần Công Trung | ||
| 260 | |a Đồng hới |b Trường đại học Quảng Bình |c 2008 | ||
| 300 | |a 55tr. |c 30cm | ||
| 520 | |a . | ||
| 653 | |a Thủy sản | ||
| 653 | |a Độc tố | ||
| 653 | |a Môi trường | ||
| 653 | |a nuôi trồng | ||
| 653 | |a Bài giảng | ||
| 942 | |2 ddc |c TC | ||
| 952 | |0 0 |1 0 |2 ddc |4 0 |6 639_807100000000000_TR120_C |7 0 |8 600 |9 110968 |a qbu |b qbu |c D1 |d 2017-06-16 |o 639.8071 TR120 C |p BG 184.C1 |r 2017-06-16 |w 2017-06-16 |y TC | ||